| 000 | | | 04849ckm0a2200313#x 450 |
| 001 | | | f93c22b0-3129-4b87-a580-9dd0cd9386c8 |
| 005 | | | 20240702121158.0 |
| 100 | ## | $a | 20210416j1939####k###0rusy50 ca |
| 101 | 0# | $a | rus |
| 102 | ## | $a | FI |
| 122 | 0# | $a | d1939###### |
| 200 | 1# | $a | Советско-финляндская война - передовая позиция на Карельском перешейке : фотография |
| | $j | [1939 г.] |
| 251 | ## | $c | Документ |
| 461 | #0 | $1 | 2001 |
| | $a | Ф. 34980 |
| | $1 | 251 |
| | $c | Фонд |
| | $1 | 852 |
| | $j | 34980 |
| 462 | #0 | $1 | 2001 |
| | $a | Оп. 14 |
| | $1 | 251 |
| | $c | Опись |
| | $1 | 852 |
| | $j | 14 |
| 462 | #0 | $1 | 2001 |
| | $a | Д. 195 |
| | $v | Л. 13 |
| | $1 | 251 |
| | $c | Дело |
| | $1 | 852 |
| | $j | 195 |
| 605 | ## | $a | Вторая мировая война в архивных документах (Комплекс оцифрованных архивных документов, кино- и фотоматериалов) |
| | $l | коллекция |
| | $2 | acquisition_Prlib |
| | $3 | LIBNET\UAF\0000088514 |
| 605 | ## | $a | Республика Карелия: страницы истории |
| | $l | коллекция |
| | $2 | acquisition_Prlib |
| | $3 | LIBNET\UAF\0000062048 |
| 606 | 1# | $2 | nlr_sh |
| | $3 | RU\NLR\AUTH\661370760 |
| | $a | Советско-финляндская война |
| | $z | 1939 - 1940 |
| | $x | Военные операции |
| | $y | Карельский перешеек |
| | $j | Фотографии |
| 608 | ## | $2 | prlib_sh |
| | $3 | DITM\AF\0000001707 |
| | $a | Документальные фотографии |
| 617 | ## | $a | Финляндия |
| | $f | 1939 |
| | $2 | prlib_sh |
| 617 | ## | $a | СССР |
| | $f | 1939 |
| | $2 | prlib_sh |
| 686 | ## | $a | 63.3(2)621-68я611 |
| | $v | LBC/M |
| | $2 | rubbk |
| 686 | ## | $a | 63.3(4Фин)6я611 |
| | $v | LBC/M |
| | $2 | rubbk |
| 801 | #0 | $a | RU |
| | $b | ПБ им. Б.Н. Ельцина |
| | $c | 20210416 |
| 801 | #1 | $a | RU |
| | $b | ПБ им. Б.Н. Ельцина |
| | $c | 20210416 |
| | $2 | rusmarc |
| 801 | #2 | $a | RU |
| | $b | ПБ им. Б.Н. Ельцина |
| | $c | 20210423 |
| | $2 | rusmarc |
| 850 | ## | $a | Российский государственный военный архив |
| 852 | ## | $a | РГВА |
| | $j | Л. 13 |
| 856 | 4# | $n | ПБ им. Б.Н. Ельцина |
| | $u | http://readingroom.main.prlib.ru/item.aspx?id_node=n162564896&mode=full |
| 035 | ## | $a | LIBNET\0001147265 |
| 937 | ## | $d | 162564896 |
| | $h | Федеральное архивное агентство |